<?xml version="1.0" encoding="UTF-8"?><?xml-stylesheet type="text/xsl" href="static/style.xsl"?><OAI-PMH xmlns="http://www.openarchives.org/OAI/2.0/" xmlns:xsi="http://www.w3.org/2001/XMLSchema-instance" xsi:schemaLocation="http://www.openarchives.org/OAI/2.0/ http://www.openarchives.org/OAI/2.0/OAI-PMH.xsd"><responseDate>2026-04-14T02:52:17Z</responseDate><request verb="GetRecord" identifier="oai:www.recercat.cat:11351/8136" metadataPrefix="marc">https://recercat.cat/oai/request</request><GetRecord><record><header><identifier>oai:recercat.cat:11351/8136</identifier><datestamp>2025-10-24T10:22:52Z</datestamp><setSpec>com_2072_378070</setSpec><setSpec>com_2072_378040</setSpec><setSpec>col_2072_378092</setSpec></header><metadata><record xmlns="http://www.loc.gov/MARC21/slim" xmlns:dcterms="http://purl.org/dc/terms/" xmlns:xsi="http://www.w3.org/2001/XMLSchema-instance" xmlns:doc="http://www.lyncode.com/xoai" xsi:schemaLocation="http://www.loc.gov/MARC21/slim http://www.loc.gov/standards/marcxml/schema/MARC21slim.xsd">
   <leader>00925njm 22002777a 4500</leader>
   <datafield ind2=" " ind1=" " tag="042">
      <subfield code="a">dc</subfield>
   </datafield>
   <datafield ind2=" " ind1=" " tag="720">
      <subfield code="a">Chiu, Shao-Ming</subfield>
      <subfield code="e">author</subfield>
   </datafield>
   <datafield ind2=" " ind1=" " tag="720">
      <subfield code="a">Seto, Wai-Kay</subfield>
      <subfield code="e">author</subfield>
   </datafield>
   <datafield ind2=" " ind1=" " tag="720">
      <subfield code="a">Sonneveld, Milan</subfield>
      <subfield code="e">author</subfield>
   </datafield>
   <datafield ind2=" " ind1=" " tag="720">
      <subfield code="a">Brakenhoff, Sylvia</subfield>
      <subfield code="e">author</subfield>
   </datafield>
   <datafield ind2=" " ind1=" " tag="720">
      <subfield code="a">Kaewdech, Apichat</subfield>
      <subfield code="e">author</subfield>
   </datafield>
   <datafield ind2=" " ind1=" " tag="720">
      <subfield code="a">Park, Jun Yong</subfield>
      <subfield code="e">author</subfield>
   </datafield>
   <datafield ind2=" " ind1=" " tag="720">
      <subfield code="a">Buti Ferret, Maria</subfield>
      <subfield code="e">author</subfield>
   </datafield>
   <datafield ind2=" " ind1=" " tag="260">
      <subfield code="c">2022-09-12T08:18:44Z</subfield>
   </datafield>
   <datafield ind2=" " ind1=" " tag="260">
      <subfield code="c">2022-09-12T08:18:44Z</subfield>
   </datafield>
   <datafield ind2=" " ind1=" " tag="260">
      <subfield code="c">2022-05</subfield>
   </datafield>
   <datafield ind2=" " ind1=" " tag="520">
      <subfield code="a">HBV genotype; Viral antigen</subfield>
   </datafield>
   <datafield ind2=" " ind1=" " tag="520">
      <subfield code="a">Genotipo VHB; Antígeno viral</subfield>
   </datafield>
   <datafield ind2=" " ind1=" " tag="520">
      <subfield code="a">Genotip del VHB; Antigen viral</subfield>
   </datafield>
   <datafield ind2=" " ind1=" " tag="520">
      <subfield code="a">Background &amp; Aims&#xd;
Nucleo(s)tide analogue (NUC) withdrawal may result in HBsAg clearance in a subset of patients. However, predictors of HBsAg loss after NUC withdrawal remain ill-defined.&#xd;
Methods&#xd;
We studied predictors of HBsAg loss in a global cohort of HBeAg-negative patients with undetectable HBV DNA who discontinued long-term NUC therapy. Patients requiring retreatment after treatment cessation were considered non-responders.&#xd;
Results&#xd;
We enrolled 1,216 patients (991 with genotype data); 98 (8.1%) achieved HBsAg loss. The probability of HBsAg loss was higher in non-Asian patients (adjusted hazard ratio [aHR] 8.26, p &lt;0.001), and in patients with lower HBsAg (aHR 0.243, p &lt;0.001) and HBV core-related antigen (HBcrAg) (aHR 0.718, p = 0.001) levels. Combining HBsAg (&lt;10, 10-100 or >100 IU/ml) and HBcrAg (&lt;2log vs. ≥2 log) levels improved prediction of HBsAg loss, with extremely low rates observed in patients with HBsAg >100 IU/ml with detectable HBcrAg. HBsAg loss rates also varied with HBV genotype; the highest rates were observed for genotypes A and D, and none of the patients with HBV genotype E experienced HBsAg loss (p &lt;0.001 for the overall comparison across genotypes; p &lt;0.001 for genotypes A/D vs. genotypes B/C). HBV genotype C was independently associated with a higher probability of HBsAg loss when compared to genotype B among Asian patients (aHR 2.494; 95% CI 1.490–4.174, p = 0.001).&#xd;
Conclusions&#xd;
The probability of HBsAg loss after NUC cessation varies according to patient ethnicity, HBV genotype and end-of-treatment viral antigen levels. Patients with low HBsAg (&lt;100 IU/ml) and/or undetectable HBcrAg levels, particularly if non-Asian or infected with HBV genotype C, appear to be the best candidates for treatment withdrawal.</subfield>
   </datafield>
   <datafield ind2=" " ind1=" " tag="520">
      <subfield code="a">The CREATE study was supported by Fujirebio. No additional funding was obtained for this follow-up analysis.</subfield>
   </datafield>
   <datafield ind1="8" ind2=" " tag="024">
      <subfield code="a">http://hdl.handle.net/11351/8136</subfield>
   </datafield>
   <datafield tag="653" ind2=" " ind1=" ">
      <subfield code="a">Medicaments antivírics - Ús terapèutic</subfield>
   </datafield>
   <datafield tag="653" ind2=" " ind1=" ">
      <subfield code="a">Hepatitis B - Tractament</subfield>
   </datafield>
   <datafield tag="653" ind2=" " ind1=" ">
      <subfield code="a">CHEMICALS AND DRUGS::Chemical Actions and Uses::Pharmacologic Actions::Therapeutic Uses::Anti-Infective Agents::Antiviral Agents</subfield>
   </datafield>
   <datafield tag="653" ind2=" " ind1=" ">
      <subfield code="a">Other subheadings::Other subheadings::/therapeutic use</subfield>
   </datafield>
   <datafield tag="653" ind2=" " ind1=" ">
      <subfield code="a">DISEASES::Virus Diseases::DNA Virus Infections::Hepadnaviridae Infections::Hepatitis B::Hepatitis B, Chronic</subfield>
   </datafield>
   <datafield tag="653" ind2=" " ind1=" ">
      <subfield code="a">COMPUESTOS QUÍMICOS Y DROGAS::acciones y usos químicos::acciones farmacológicas::usos terapéuticos::antiinfecciosos::antivíricos</subfield>
   </datafield>
   <datafield tag="653" ind2=" " ind1=" ">
      <subfield code="a">Otros calificadores::Otros calificadores::/uso terapéutico</subfield>
   </datafield>
   <datafield tag="653" ind2=" " ind1=" ">
      <subfield code="a">ENFERMEDADES::virosis::infecciones por virus ADN::infecciones por Hepadnaviridae::hepatitis B::hepatitis B crónica</subfield>
   </datafield>
   <datafield ind2="0" ind1="0" tag="245">
      <subfield code="a">Probability of HBsAg loss after nucleo(s)tide analogue withdrawal depends on HBV genotype and viral antigen levels</subfield>
   </datafield>
</record></metadata></record></GetRecord></OAI-PMH>